000
00332nam a22001577a 4500
003
SGT
020
_a
9788131255391
082
_a
301
_b
S19L
100
_a
LOHUMI, SHAMA
245
_a
SOCIOLOGY FOR NURSES
250
_a
2ND
260
_a
INDIA
_b
ELSEVIER PUB
_c
2019
300
_a
390
650
_a
SOCIOLOGY
942
_2
ddc
_c
BK
_0
115
999
_c
21964
_d
21964